logo

Bir Sreshtho Munshi Abdur Rouf Library
Jhenaidah Cadet College

Sher, lord of the jungle / (Record no. 7622)

MARC details
000 -LEADER
fixed length control field 00596nam a22002292i 4500
001 - CONTROL NUMBER
JCCL Control Number 7622
003 - CONTROL NUMBER IDENTIFIER
JCCL marc code UkOxU
005 - DATE AND TIME OF LATEST TRANSACTION
control field 20180212131237.0
008 - FIXED-LENGTH DATA ELEMENTS--GENERAL INFORMATION
fixed length control field 500101s1962 xxk 000 0 eng d
035 ## - SYSTEM CONTROL NUMBER
system control number OCLC ocm30223544 from D950707M
040 ## - CATALOGING SOURCE
Original cataloging agency UKM
Transcribing agency UKM
Modifying agency EQO
041 ## - LANGUAGE CODE
Language code of Book eng
082 ## - DEWEY DECIMAL CLASSIFICATION NUMBER
Classification number 599. 744428
DDC Edition number 18
Author mark and Year FEN 1962
100 1# - MAIN ENTRY--PERSONAL NAME
Personal name Fenton, Gudenie.
245 10 - TITLE STATEMENT
Title Sher, lord of the jungle /
Statement of responsibility, etc illustrated by Joan Kiddell-Monroe
260 ## - PUBLICATION, DISTRIBUTION, ETC. (IMPRINT)
Place of publication, distribution, etc Benn,
Date of publication, distribution, etc 1962
300 ## - PHYSICAL DESCRIPTION
Pagination 96 p. :
Other physical details ill. ;
Dimensions 22 cm
650 ## - SUBJECT ADDED ENTRY--TOPICAL TERM
Topical term or geographic name as entry element animal biology
700 1# - ADDED ENTRY--PERSONAL NAME
Personal name Fenton, Eugeńie.
942 ## - ADDED ENTRY ELEMENTS (KOHA)
Source of classification or shelving scheme Dewey Decimal Classification
Koha item type Books
Holdings
Source of classification or shelving scheme Damaged status Not for loan Home library Current library Shelving location Date of accession Total Checkouts Full call number Barcode Date last seen Copy number Koha item type
Dewey Decimal Classification     JCC Rouf Library JCC Rouf Library General Stacks 02/12/2018   599.744428 FEN 1962 10227 02/12/2018 C - 1 Books

JCC Library | Contacts | JCC Home

Last Update on 23 September 2017
Copyright @ 2017-2020 JCC Rouf Library
Rouf Library, Jhenidah Cadet College (JCC), Bangladesh